První čtení o zvířátkách s velkými písmeny /

Hlavní autor: Haderlein, Ute
Další autoři: Bampton, Bob
Jazyk: Čeština
Vydáno: Praha : Svojtka & Co., 2014
Vydání: 1. české vyd.
Témata:
Fyzický popis: 61 s. : barev. il. ; 28 cm
Knihy
Uloženo v:
LEADER 01432nam a2200397 a 4500
001 001457737
003 CZ BrMZK
005 20150317090907.0
007 ta
008 150303s2014 xr a a 000 j cze
015 |a cnb002633538 
020 |a 978-80-256-1452-5  |q (váz.) 
040 |a BOA001  |b cze 
041 1 |a cze  |h ger 
072 7 |a 821.112.2-3  |x Německá próza, německy psaná  |2 Konspekt  |9 25 
072 7 |a 821-93  |x Literatura pro děti a mládež (beletrie)  |2 Konspekt  |9 26 
080 |a 821.112.2-32  |2 MRF 
080 |a 821-93  |2 MRF 
080 |a (0:82-32)  |2 MRF 
100 1 |a Haderlein, Ute  |7 mzk2006367986  |4 aut 
245 1 0 |a První čtení o zvířátkách s velkými písmeny /  |c text Ute Haderleinová ; ilustroval Bob Bampton 
246 1 4 |a Čtení o zvířátkách s velkými písmeny 
250 |a 1. české vyd. 
260 |a Praha :  |b Svojtka & Co.,  |c 2014 
300 |a 61 s. :  |b barev. il. ;  |c 28 cm 
500 |a Přeloženo z němčiny 
655 7 |a německé příběhy  |7 fd132944  |2 czenas 
655 7 |a publikace pro děti  |7 fd133156  |2 czenas 
655 9 |a German stories  |2 eczenas 
655 9 |a children's literature  |2 eczenas 
700 1 |a Bampton, Bob  |7 jn20001103544  |4 ill 
765 0 |t Schönsten Tiergeschichten  |9 Česky 
910 |a BOA001  |b 3-1343.264 
990 |a BK 
991 |b 201503  |c NOV  |e db 
996 6 |b 2610624722  |c 3-1343.264  |l MZK  |r Sklad / do 1 hodiny  |n 0  |p p.v.  |w 001493969  |u 000010  |a 1  |e BOA001  |j MZK50  |s P